[Event "Chess.com Classic Div 3 W"]
[Site "chess.com INT"]
[Date "2024.05.10"]
[Round "2.5"]
[White "Nguyen, Ngoc Truong Son"]
[Black "Gledura, Benjamin"]
[Result "1-0"]
[WhiteTitle "GM"]
[BlackTitle "GM"]
[WhiteElo "2633"]
[BlackElo "2619"]
[WhiteFideId "12401110"]
[BlackFideId "712779"]
[EventDate "2024.05.10"]
[EventType "k.o."]

1. d4 d5 2. Nf3 Nf6 3. c4 c6 4. Qc2 dxc4 5. Qxc4 Bf5 6. g3 e6 7. Bg2 Be7 8. O-O
O-O 9. Re1 Nbd7 10. Nc3 Bg6 11. Bf4 Rc8 12. a3 b5 13. Qa2 a5 14. Rac1 Qb6 15. e4
b4 16. axb4 axb4 17. Na4 Qa7 18. Nd2 Qxd4 19. Be3 Qe5 20. Nc4 Qb8 21. b3 c5 22.
f3 Rfd8 23. Red1 Ne8 24. Rd2 Ne5 25. Nxe5 Qxe5 26. Bf4 Qf6 27. Nb6 Rxd2 28. Qxd2
Rd8 29. Nd7 Qd4+ 30. Qxd4 cxd4 31. Ne5 Kf8 32. Nc6 Rc8 33. Bf1 Bd6 34. e5 Be7
35. Nxe7 Rxc1 36. Nxg6+ 1-0

[Event "Chess.com Classic Div 3 W"]
[Site "chess.com INT"]
[Date "2024.05.11"]
[Round "3.1"]
[White "Andreikin, Dmitry"]
[Black "Karthikeyan, Murali"]
[Result "1-0"]
[WhiteTitle "GM"]
[BlackTitle "GM"]
[WhiteElo "2729"]
[BlackElo "2610"]
[WhiteFideId "4158814"]
[BlackFideId "5074452"]
[EventDate "2024.05.10"]
[EventType "k.o."]

1. d4 Nf6 2. c4 e6 3. Nf3 d5 4. e3 c5 5. cxd5 exd5 6. Bb5+ Bd7 7. Bxd7+ Nbxd7 8.
dxc5 Nxc5 9. O-O Be7 10. b3 O-O 11. Bb2 Rc8 12. Nc3 Nce4 13. Nxe4 dxe4 14. Nd4
Qd5 15. Qe2 a6 16. Rac1 h5 17. h3 Rfd8 18. Rxc8 Rxc8 19. Rd1 Qg5 20. Qd2 Bd6 21.
Ne6 fxe6 22. Qxd6 Qf5 23. Rd2 Rf8 24. Qe7 b5 25. Rd7 Qg6 26. Qxe6+ Kh7 27. Ra7
Ne8 28. Qxg6+ Kxg6 29. Rxa6+ Nf6 30. Rb6 Ra8 31. a3 1-0

[Event "Chess.com Classic Div 3 W"]
[Site "chess.com INT"]
[Date "2024.05.11"]
[Round "3.1"]
[White "Kozak, Adam"]
[Black "Nguyen, Ngoc Truong Son"]
[Result "0-1"]
[WhiteTitle "GM"]
[BlackTitle "GM"]
[WhiteElo "2607"]
[BlackElo "2633"]
[WhiteFideId "753246"]
[BlackFideId "12401110"]
[EventDate "2024.05.10"]
[EventType "k.o."]

1. e4 c6 2. d4 d5 3. exd5 cxd5 4. Bf4 Nc6 5. c3 Nf6 6. Nd2 Bf5 7. Qb3 Qc8 8.
Ngf3 e6 9. Nh4 Be4 10. Nxe4 Nxe4 11. Bd3 Bd6 12. Be3 O-O 13. g3 f5 14. f3 Nf6
15. Ng2 Kh8 16. O-O e5 17. dxe5 Nxe5 18. Qc2 Bc5 19. Bxf5 Bxe3+ 20. Nxe3 Qc5 21.
Qf2 Rae8 22. Ng4 Nxf3+ 23. Kg2 Qxf2+ 24. Rxf2 Ne1+ 25. Kf1 Nxg4 26. Bxg4 Nc2 27.
Bh5 Rxf2+ 28. Kxf2 Rf8+ 29. Ke2 0-1

[Event "Chess.com Classic Div 3 W"]
[Site "chess.com INT"]
[Date "2024.05.11"]
[Round "3.1"]
[White "Le, Tuan Minh"]
[Black "Paravyan, David"]
[Result "1/2-1/2"]
[WhiteTitle "GM"]
[BlackTitle "GM"]
[WhiteElo "2567"]
[BlackElo "2606"]
[WhiteFideId "12401153"]
[BlackFideId "4194985"]
[EventDate "2024.05.10"]
[EventType "k.o."]

1. d4 d5 2. Bf4 c5 3. e3 Nc6 4. c3 Nf6 5. Nd2 Bf5 6. Ngf3 Qb6 7. dxc5 Qxb2 8.
Nd4 e5 9. Bxe5 Bg4 10. Rb1 Qxa2 11. Qc1 Nxe5 12. Ra1 Qxa1 13. Qxa1 Bxc5 14. Bb5+
Bd7 15. Bxd7+ Nexd7 16. c4 dxc4 17. Nxc4 O-O 18. O-O a5 19. Rb1 b6 20. Nf5 Rfe8
21. h3 Re6 22. g4 a4 23. g5 Ne8 24. h4 a3 25. Rd1 Nf8 26. Qa2 b5 27. Rd5 bxc4
28. Rxc5 Nd6 29. Nxd6 Rxd6 30. Rxc4 g6 31. Rc3 Rda6 32. Kg2 Ne6 33. f4 R6a7 34.
Kf3 Kg7 35. Kg4 h5+ 36. gxh6+ Kxh6 37. h5 gxh5+ 38. Kf3 Ra6 39. Rb3 Kg7 40. Qa1+
Kg8 41. Qa2 Kf8 42. Rb1 R6a7 43. Rg1 Ra5 44. Rg2 Ke7 45. Rd2 Rd8 46. Rxd8 Nxd8
47. Qd2 Nc6 48. Qa2 f5 49. Kg3 Kd6 50. Kh4 Kc5 51. Qc2+ Kb6 52. Qb3+ Kc5 53.
Qc2+ Kd6 54. Qa2 Kc5 55. Qc2+ 1/2-1/2

[Event "Chess.com Classic Div 3 W"]
[Site "chess.com INT"]
[Date "2024.05.11"]
[Round "3.1"]
[White "Tang, Andrew"]
[Black "Grandelius, Nils"]
[Result "0-1"]
[WhiteTitle "GM"]
[BlackTitle "GM"]
[WhiteElo "2505"]
[BlackElo "2664"]
[WhiteFideId "2059630"]
[BlackFideId "1710400"]
[EventDate "2024.05.10"]
[EventType "k.o."]

1. d4 d5 2. Nf3 Nf6 3. Bf4 c5 4. e3 Nc6 5. Nbd2 Nh5 6. Be5 e6 7. Bb5 Bd7 8. Bxc6
Bxc6 9. g4 Nf6 10. g5 Ne4 11. h4 f6 12. Bh2 Be7 13. gxf6 gxf6 14. Nxe4 dxe4 15.
Nd2 Qd5 16. dxc5 O-O-O 17. Nb3 Qc4 18. Qe2 Qxe2+ 19. Kxe2 e5 20. Rhd1 Bd7 21.
Ke1 Bg4 22. Rxd8+ Rxd8 23. a3 Bf3 24. Bg3 Kc7 25. Nd2 Bxc5 26. Nxf3 exf3 27. h5
Kc6 28. Bh4 Rg8 29. Kd2 f5 30. Rh1 Rg2 31. Kd3 e4+ 32. Kc4 b5+ 33. Kc3 f4 34.
exf4 Bxf2 35. Bxf2 Rxf2 36. Kd4 Re2 37. f5 Kd6 38. Rf1 f2 39. f6 Ke6 40. c4 bxc4
41. Kxc4 e3 0-1

[Event "Chess.com Classic Div 3 W"]
[Site "chess.com INT"]
[Date "2024.05.11"]
[Round "3.2"]
[White "Grandelius, Nils"]
[Black "Tang, Andrew"]
[Result "1-0"]
[WhiteTitle "GM"]
[BlackTitle "GM"]
[WhiteElo "2664"]
[BlackElo "2505"]
[WhiteFideId "1710400"]
[BlackFideId "2059630"]
[EventDate "2024.05.10"]
[EventType "k.o."]

1. e4 e5 2. Nf3 Nc6 3. Bb5 a6 4. Ba4 Nf6 5. O-O Be7 6. d3 b5 7. Bb3 d6 8. c3 O-O
9. Bc2 Bb7 10. Nbd2 Re8 11. Re1 Bf8 12. d4 g6 13. b3 Bg7 14. Bb2 Nb8 15. dxe5
dxe5 16. c4 Nbd7 17. b4 Qe7 18. c5 a5 19. a3 axb4 20. axb4 Rxa1 21. Bxa1 Nh5 22.
Nb3 Nb8 23. Bd3 c6 24. g3 Bc8 25. Qc2 Bg4 26. Be2 Nd7 27. Na5 Nb8 28. Rd1 Qc7
29. Ne1 Bf3 1-0

[Event "Chess.com Classic Div 3 W"]
[Site "chess.com INT"]
[Date "2024.05.11"]
[Round "3.2"]
[White "Karthikeyan, Murali"]
[Black "Andreikin, Dmitry"]
[Result "0-1"]
[WhiteTitle "GM"]
[BlackTitle "GM"]
[WhiteElo "2610"]
[BlackElo "2729"]
[WhiteFideId "5074452"]
[BlackFideId "4158814"]
[EventDate "2024.05.10"]
[EventType "k.o."]

1. e4 c5 2. Nf3 e6 3. d4 cxd4 4. Nxd4 Nc6 5. Nc3 a6 6. Nxc6 bxc6 7. Bd3 d5 8.
O-O Nf6 9. Re1 Bb7 10. Qf3 Be7 11. Qg3 O-O 12. e5 Nh5 13. Qh3 g6 14. Ne2 a5 15.
Bh6 Re8 16. Rad1 Bg5 17. Bxg5 Qxg5 18. Nd4 c5 19. Nb5 Reb8 20. Nd6 Bc6 21. b3 a4
22. Qf3 Qf4 23. Qxf4 Nxf4 24. g3 Nxd3 25. Rxd3 axb3 26. axb3 d4 27. Ne4 Rb5 28.
c4 Rba5 29. f3 Bxe4 30. Rxe4 Ra2 31. Re1 Rb2 0-1

[Event "Chess.com Classic Div 3 W"]
[Site "chess.com INT"]
[Date "2024.05.11"]
[Round "3.2"]
[White "Nguyen, Ngoc Truong Son"]
[Black "Kozak, Adam"]
[Result "1-0"]
[WhiteTitle "GM"]
[BlackTitle "GM"]
[WhiteElo "2633"]
[BlackElo "2607"]
[WhiteFideId "12401110"]
[BlackFideId "753246"]
[EventDate "2024.05.10"]
[EventType "k.o."]

1. d4 Nf6 2. Nf3 e6 3. Bf4 b6 4. e3 Bb7 5. h3 Bd6 6. Bxd6 cxd6 7. Nbd2 Nc6 8. c3
Ne7 9. Bd3 Ng6 10. O-O O-O 11. a4 a5 12. Qb3 Qc7 13. Rfc1 Rab8 14. Qa3 Ne8 15.
c4 f5 16. b4 axb4 17. Qxb4 Nf6 18. a5 Be4 19. Bf1 bxa5 20. Qxa5 Qxa5 21. Rxa5
Kf7 22. Ng5+ Ke7 23. Ngxe4 Nxe4 24. Nxe4 fxe4 25. Ra2 Nh4 26. c5 d5 27. Ra7 Ke8
28. c6 dxc6 29. Rxc6 Rf7 30. Rxe6+ Kf8 31. Rxf7+ Kxf7 32. Rd6 Rb1 33. Rxd5 Ng6
34. g3 Kf6 35. Kg2 Rb2 36. Rc5 Ne7 37. Re5 g5 38. Rxe4 Nd5 39. Bc4 Nc3 40. Re6+
Kg7 41. Re7+ Kg6 42. Rc7 Nd1 43. Bd3+ Kf6 44. Rc2 Rb7 45. Be4 Rb4 46. Bxh7 Rb3
47. Be4 Ke6 48. Bf3 Nb2 49. Rc6+ Ke7 50. Rc7+ Kd6 51. Rb7 1-0

[Event "Chess.com Classic Div 3 W"]
[Site "chess.com INT"]
[Date "2024.05.11"]
[Round "3.2"]
[White "Paravyan, David"]
[Black "Le, Tuan Minh"]
[Result "1/2-1/2"]
[WhiteTitle "GM"]
[BlackTitle "GM"]
[WhiteElo "2606"]
[BlackElo "2567"]
[WhiteFideId "4194985"]
[BlackFideId "12401153"]
[EventDate "2024.05.10"]
[EventType "k.o."]

1. e4 e5 2. Nf3 Nc6 3. Bb5 a6 4. Ba4 d6 5. O-O Bd7 6. c3 g6 7. d4 Bg7 8. h3 Nf6
9. Re1 O-O 10. d5 Nb8 11. Bc2 a5 12. c4 Na6 13. Nc3 Nh5 14. Bg5 Bf6 15. Be3 Nf4
16. Bxf4 exf4 17. Qd2 a4 18. e5 dxe5 19. Nxe5 a3 20. bxa3 Nc5 21. Qxf4 Rxa3 22.
Nb5 Bxb5 23. cxb5 Qd6 24. Qb4 Bxe5 25. Qxa3 Bxa1 26. Rxa1 Qxd5 27. Qb4 b6 28. a4
Re8 29. Qc3 Qe5 30. Qxe5 Rxe5 31. Kf1 Kf8 32. a5 bxa5 33. Rxa5 Ne6 34. g3 Rc5
35. Bd3 h5 36. h4 Ke7 1/2-1/2

[Event "Chess.com Classic Div 3 W"]
[Site "chess.com INT"]
[Date "2024.05.11"]
[Round "3.3"]
[White "Andreikin, Dmitry"]
[Black "Karthikeyan, Murali"]
[Result "1-0"]
[WhiteTitle "GM"]
[BlackTitle "GM"]
[WhiteElo "2729"]
[BlackElo "2610"]
[WhiteFideId "4158814"]
[BlackFideId "5074452"]
[EventDate "2024.05.10"]
[EventType "k.o."]

1. d4 Nf6 2. c4 g6 3. Nc3 Bg7 4. e4 d6 5. h3 O-O 6. Be3 a6 7. Nf3 c6 8. Bd3 b5
9. O-O Nbd7 10. e5 Ne8 11. exd6 exd6 12. cxb5 cxb5 13. a4 b4 14. Nd5 Rb8 15. Qb3
Bb7 16. Bc4 a5 17. Bg5 Nef6 18. Rfe1 Kh8 19. Rac1 h6 20. Bxf6 Bxf6 21. Qe3 Kg7
22. Bb3 Nb6 23. Nf4 Qd7 24. Be6 Qxa4 25. Rc7 Na8 26. Bb3 Qxb3 27. Qxb3 Nxc7 28.
Ra1 Ra8 29. Qa4 Bxf3 30. gxf3 Bxd4 31. Qd7 Be5 32. Qxc7 Bxf4 33. Rxa5 Rxa5 34.
Qxa5 Rb8 35. b3 Be5 36. Qd5 Rc8 37. Qb5 Rc3 38. Qxb4 Rxf3 39. Kg2 Rf4 40. Qd2
Rd4 41. Qa5 Rd3 42. Qb5 Rc3 43. b4 Rc2 44. Qd5 h5 45. b5 Rb2 46. Qc6 g5 47. b6
Bd4 48. Qxd6 Rxf2+ 49. Kh1 Rf1+ 50. Kg2 Rf2+ 51. Kh1 Rd2 52. b7 Rd1+ 53. Kg2
Rd2+ 54. Kf1 1-0

[Event "Chess.com Classic Div 3 W"]
[Site "chess.com INT"]
[Date "2024.05.11"]
[Round "3.3"]
[White "Kozak, Adam"]
[Black "Nguyen, Ngoc Truong Son"]
[Result "0-1"]
[WhiteTitle "GM"]
[BlackTitle "GM"]
[WhiteElo "2607"]
[BlackElo "2633"]
[WhiteFideId "753246"]
[BlackFideId "12401110"]
[EventDate "2024.05.10"]
[EventType "k.o."]

1. c4 e6 2. Nf3 d5 3. d4 a6 4. cxd5 exd5 5. Nc3 h6 6. Qb3 Nf6 7. Ne5 Bd6 8. Bf4
O-O 9. g3 c6 10. Bg2 Qe7 11. O-O Nbd7 12. Nxd7 Qxd7 13. Be5 Ng4 14. Bxd6 Qxd6
15. e4 dxe4 16. Nxe4 Qxd4 17. Rad1 Qe5 18. Rfe1 Be6 19. Qxb7 Rab8 20. Qxc6 Rxb2
21. h3 Nf6 22. a4 Nxe4 23. Rxe4 Qf5 24. Rf4 Qc2 25. Qxc2 Rxc2 26. Rd6 a5 27. Ra6
Rc5 28. h4 Rb8 29. Be4 g5 30. hxg5 hxg5 31. Rf3 Rb4 32. Bc6 Rb1+ 33. Kh2 Rxc6
34. Rxc6 Bd5 35. Rc8+ Kg7 36. Rcc3 g4 0-1

[Event "Chess.com Classic Div 3 W"]
[Site "chess.com INT"]
[Date "2024.05.11"]
[Round "3.3"]
[White "Le, Tuan Minh"]
[Black "Paravyan, David"]
[Result "1/2-1/2"]
[WhiteTitle "GM"]
[BlackTitle "GM"]
[WhiteElo "2567"]
[BlackElo "2606"]
[WhiteFideId "12401153"]
[BlackFideId "4194985"]
[EventDate "2024.05.10"]
[EventType "k.o."]

1. d4 d5 2. Bf4 c5 3. e3 Nc6 4. c3 Nf6 5. Nd2 Bf5 6. Ngf3 Qb6 7. dxc5 Qxb2 8.
Nd4 e5 9. Bxe5 Bg4 10. Rb1 Qa3 11. f3 Nxe5 12. fxg4 Bxc5 13. Nb5 Qxa2 14. Ra1
Qb2 15. Rb1 Qa2 16. Ra1 Qb2 17. Rb1 Qa2 1/2-1/2

[Event "Chess.com Classic Div 3 W"]
[Site "chess.com INT"]
[Date "2024.05.11"]
[Round "3.3"]
[White "Tang, Andrew"]
[Black "Grandelius, Nils"]
[Result "1-0"]
[WhiteTitle "GM"]
[BlackTitle "GM"]
[WhiteElo "2505"]
[BlackElo "2664"]
[WhiteFideId "2059630"]
[BlackFideId "1710400"]
[EventDate "2024.05.10"]
[EventType "k.o."]

1. d4 d5 2. Bf4 c5 3. Nc3 Nf6 4. e3 cxd4 5. exd4 Bg4 6. Nf3 Nc6 7. Be2 e6 8. h3
Bxf3 9. Bxf3 Bd6 10. Be3 Bb4 11. Qd3 O-O 12. O-O Rc8 13. Bd1 e5 14. Ne2 e4 15.
Qb3 Qd7 16. c3 Bd6 17. Qa4 h6 18. Ng3 Rfe8 19. Be2 a6 20. Qd1 Na5 21. b3 Nc6 22.
Rc1 Ne7 23. Qd2 Ng6 24. c4 Nh4 25. Rc2 Qc7 26. Qe1 Bf4 27. c5 Re6 28. b4 Rf8 29.
a4 Nh7 30. Nh5 Bg5 31. Qc1 Rg6 32. g3 Bxe3 33. Qxe3 Ng5 34. Kh1 Nf5 35. Qf4 Qxf4
36. Nxf4 Nxd4 37. Nxg6 fxg6 38. Rd2 Nge6 39. Bg4 e3 40. Bxe6+ Nxe6 41. Rxd5 e2
42. Re1 Rxf2 43. Kg1 Rf3 44. Rxe2 1-0

[Event "Chess.com Classic Div 3 W"]
[Site "chess.com INT"]
[Date "2024.05.11"]
[Round "3.4"]
[White "Grandelius, Nils"]
[Black "Tang, Andrew"]
[Result "1-0"]
[WhiteTitle "GM"]
[BlackTitle "GM"]
[WhiteElo "2664"]
[BlackElo "2505"]
[WhiteFideId "1710400"]
[BlackFideId "2059630"]
[EventDate "2024.05.10"]
[EventType "k.o."]

1. e4 e5 2. Nf3 Nc6 3. Bb5 g6 4. c3 a6 5. Ba4 Bg7 6. d4 exd4 7. cxd4 b5 8. Bc2
d6 9. d5 Na5 10. O-O Nc4 11. Nc3 Ne7 12. Bd3 Na5 13. h3 O-O 14. Rb1 c5 15. dxc6
Naxc6 16. Bf4 Bb7 17. Re1 Ne5 18. Nxe5 dxe5 19. Be3 Rc8 20. a3 Kh8 21. Bf1 Qe8
22. a4 bxa4 23. Ra1 Bc6 24. Bxa6 Ra8 25. Bc4 f5 26. Bc5 Rd8 27. Nd5 Nxd5 28.
Bxf8 Nf4 29. Bxg7+ Kxg7 30. Qc1 Qe7 31. Bf1 Bxe4 32. Rxa4 Qg5 33. g3 h5 34. h4
Qg4 35. Qc7+ Kh6 36. Qxd8 1-0

[Event "Chess.com Classic Div 3 W"]
[Site "chess.com INT"]
[Date "2024.05.11"]
[Round "3.4"]
[White "Paravyan, David"]
[Black "Le, Tuan Minh"]
[Result "1/2-1/2"]
[WhiteTitle "GM"]
[BlackTitle "GM"]
[WhiteElo "2606"]
[BlackElo "2567"]
[WhiteFideId "4194985"]
[BlackFideId "12401153"]
[EventDate "2024.05.10"]
[EventType "k.o."]

1. e4 e5 2. Nf3 Nc6 3. Nc3 Nf6 4. d4 exd4 5. Nxd4 Bb4 6. Nxc6 bxc6 7. Bd3 d5 8.
exd5 cxd5 9. O-O O-O 10. h3 c6 11. Bf4 Bd6 12. Qd2 Rb8 13. b3 Rb4 14. Bxd6 Qxd6
15. Qe3 Re8 16. Qxa7 Bxh3 17. gxh3 Ng4 18. f4 Rxf4 19. Rxf4 Qxf4 20. hxg4 Qg3+
21. Kf1 Qh3+ 22. Kg1 Qg3+ 23. Kf1 Qh3+ 24. Kg1 Qg3+ 1/2-1/2

[Event "Chess.com Classic Div 3 W"]
[Site "chess.com INT"]
[Date "2024.05.11"]
[Round "3.5"]
[White "Le, Tuan Minh"]
[Black "Paravyan, David"]
[Result "1-0"]
[WhiteTitle "GM"]
[BlackTitle "GM"]
[WhiteElo "2567"]
[BlackElo "2606"]
[WhiteFideId "12401153"]
[BlackFideId "4194985"]
[EventDate "2024.05.10"]
[EventType "k.o."]

1. d4 d5 2. Nf3 Nf6 3. Bf4 c5 4. c3 Nc6 5. e3 Qb6 6. Qc2 Nh5 7. Be5 f6 8. Bg3 e6
9. Nbd2 Bd7 10. Bd3 g6 11. a3 O-O-O 12. dxc5 Bxc5 13. b4 Be7 14. c4 Nxg3 15.
hxg3 Kb8 16. O-O dxc4 17. Nxc4 Qc7 18. Rac1 Rc8 19. Qb2 a6 20. Be4 Rhd8 21. Rc2
f5 22. Bxc6 Bxc6 23. Na5 Qd6 24. Nxc6+ Rxc6 25. Rxc6 Qxc6 26. Qg7 Qd6 27. Rc1
Rd7 28. Qxh7 g5 29. Qg6 f4 30. gxf4 gxf4 31. exf4 Qxf4 32. Re1 Rc7 33. Qxe6 Bd6
34. Qe8+ Rc8 35. Qe3 Qf6 36. Qd4 Qh6 37. g3 Rg8 38. Kg2 Bc7 39. Qd7 Rh8 40. Re8+
Rxe8 41. Qxe8+ Ka7 42. Qe3+ Qxe3 43. fxe3 Kb8 44. Nd4 Kc8 45. Kf3 Kd7 46. g4 Ke7
47. g5 Kf7 48. Kg4 Kg6 49. Ne6 Be5 50. a4 b5 51. axb5 axb5 52. Nf4+ Kf7 53. Kf5
Bc3 54. Nd5 Bd2 55. e4 Kg7 56. e5 Kf7 57. e6+ Kg7 58. e7 Kf7 59. g6+ 1-0

[Event "Chess.com Classic Div 3 W"]
[Site "chess.com INT"]
[Date "2024.05.12"]
[Round "4.1"]
[White "Le, Tuan Minh"]
[Black "Andreikin, Dmitry"]
[Result "0-1"]
[WhiteTitle "GM"]
[BlackTitle "GM"]
[WhiteElo "2567"]
[BlackElo "2729"]
[WhiteFideId "12401153"]
[BlackFideId "4158814"]
[EventDate "2024.05.10"]
[EventType "k.o."]

1. d4 Nf6 2. Nf3 d6 3. Nc3 d5 4. Bf4 Bf5 5. e3 e6 6. Bd3 Bg6 7. O-O Bd6 8. Bg5
Bh5 9. e4 Be7 10. exd5 Nxd5 11. Bxe7 Nxe7 12. Ne4 Nd7 13. Ng3 Bg6 14. Re1 c6 15.
c3 Qb6 16. Bxg6 Nxg6 17. Qd2 Nf6 18. Ne4 Nxe4 19. Rxe4 Rd8 20. h4 Qa5 21. Rg4
Qf5 22. Rg3 O-O 23. Qe3 h6 24. Re1 Qf4 25. h5 Qxe3 26. fxe3 Ne7 27. e4 c5 28.
dxc5 Rd3 29. Kf2 Rc8 30. Ke2 Rdd8 31. Rh3 Rxc5 32. Rhh1 Nc6 33. g4 b5 34. Rd1
Rb8 35. a3 a5 36. Ke3 b4 37. cxb4 axb4 38. a4 b3 39. Rd7 Rc2 40. Rd2 Na5 41.
Rxc2 bxc2 42. Rc1 Rb3+ 43. Kf4 Rxb2 44. Nd4 Rb4 45. Ke3 Nc4+ 46. Ke2 Ne5 47.
Nxc2 Rxe4+ 48. Kd2 Rxa4 49. Ne3 Nxg4 50. Rc8+ Kh7 51. Nc4 Nf6 52. Ne5 Ra7 53.
Rf8 Nd7 0-1

[Event "Chess.com Classic Div 3 W"]
[Site "chess.com INT"]
[Date "2024.05.12"]
[Round "4.1"]
[White "Nguyen, Ngoc Truong Son"]
[Black "Grandelius, Nils"]
[Result "1/2-1/2"]
[WhiteTitle "GM"]
[BlackTitle "GM"]
[WhiteElo "2633"]
[BlackElo "2664"]
[WhiteFideId "12401110"]
[BlackFideId "1710400"]
[EventDate "2024.05.10"]
[EventType "k.o."]

1. d4 d5 2. Nf3 Nf6 3. Bf4 c5 4. e3 Nc6 5. Nbd2 Nh5 6. dxc5 Nxf4 7. exf4 g6 8.
Nb3 Bg7 9. c3 O-O 10. Be2 Qc7 11. g3 Rd8 12. O-O a5 13. Nbd4 Bg4 14. Nb5 Qb8 15.
Nfd4 Bd7 16. a4 b6 17. Nxc6 Bxc6 18. Nd4 Be8 19. c6 Bxd4 20. Qxd4 Bxc6 21. Rfe1
Qd6 22. Bd3 e6 23. h4 Qc5 24. h5 Qxd4 25. cxd4 Kg7 26. Kg2 Rdb8 27. Rec1 Be8 28.
Rc7 Rc8 29. Rxc8 Rxc8 30. hxg6 hxg6 31. Kf3 Rb8 32. Ra3 Rc8 33. Ke3 Kf6 34. Rb3
Bxa4 35. Rxb6 Be8 36. g4 a4 37. f5 gxf5 38. gxf5 a3 39. bxa3 Rc3 40. f4 Rxa3 41.
Kd2 Ra4 42. Ke3 Ra3 43. Kd2 Ra4 44. Ke3 Ra3 1/2-1/2

[Event "Chess.com Classic Div 3 W"]
[Site "chess.com INT"]
[Date "2024.05.12"]
[Round "4.2"]
[White "Andreikin, Dmitry"]
[Black "Le, Tuan Minh"]
[Result "1-0"]
[WhiteTitle "GM"]
[BlackTitle "GM"]
[WhiteElo "2729"]
[BlackElo "2567"]
[WhiteFideId "4158814"]
[BlackFideId "12401153"]
[EventDate "2024.05.10"]
[EventType "k.o."]

1. c4 c6 2. e4 d5 3. exd5 cxd5 4. d4 Nf6 5. Nc3 e6 6. Nf3 Bb4 7. cxd5 Nxd5 8.
Qc2 Nc6 9. Bd3 Nf6 10. O-O Be7 11. a3 O-O 12. Rd1 h6 13. Bc4 a6 14. d5 exd5 15.
Nxd5 Nxd5 16. Bxd5 Qb6 17. Be3 Qb5 18. Bxh6 Bf6 19. Ng5 Bxg5 20. Bxg5 Bg4 21.
Bf6 Be6 22. Bxe6 fxe6 23. Bc3 Rf7 24. Qg6 Qf5 25. Qg3 Raf8 26. Rd2 e5 27. Re1
Re8 28. Rde2 Re6 29. Qe3 e4 30. Rd2 Ne7 31. Rd8+ Kh7 32. Rd7 Rg6 33. Rxb7 Qg4
34. g3 Nd5 35. Rxf7 Nxe3 36. Rxe3 Qd1+ 37. Kg2 Qd5 38. Rf4 Re6 39. Rg4 Re7 40.
h4 g6 41. Rg5 Qf7 42. h5 Re6 43. hxg6+ Rxg6 44. Rh5+ Rh6 45. Rxh6+ Kxh6 46. Rxe4
Qd5 47. f3 Qd3 48. g4 Qd1 49. Bd4 Kg5 50. Re5+ Kg6 51. Bc3 Qc1 52. Re1 Qc2+ 53.
Kg3 Qd3 54. Re6+ Kf7 55. Re5 Kg6 56. a4 Kf7 57. a5 Kg6 58. Re6+ Kf7 59. Rf6+ Ke7
60. g5 Qf1 61. g6 Qg1+ 62. Kf4 Qc1+ 63. Ke4 Qb1+ 64. Ke3 Qc1+ 65. Kf2 Qc2+ 66.
Kg3 Qc1 67. g7 Qg5+ 68. Kf2 Qc5+ 69. Kg2 Qg5+ 70. Kf2 Qc5+ 71. Kf1 Qb5+ 72. Ke1
Qc4 73. Rf8 Qe6+ 74. Kf2 1-0

[Event "Chess.com Classic Div 3 W"]
[Site "chess.com INT"]
[Date "2024.05.12"]
[Round "4.2"]
[White "Grandelius, Nils"]
[Black "Nguyen, Ngoc Truong Son"]
[Result "1/2-1/2"]
[WhiteTitle "GM"]
[BlackTitle "GM"]
[WhiteElo "2664"]
[BlackElo "2633"]
[WhiteFideId "1710400"]
[BlackFideId "12401110"]
[EventDate "2024.05.10"]
[EventType "k.o."]

1. e4 c6 2. Nc3 d5 3. Nf3 Bg4 4. d4 e6 5. Be2 Nf6 6. e5 Nfd7 7. O-O c5 8. Bg5
Qb6 9. Na4 Qc7 10. c4 Nc6 11. cxd5 exd5 12. dxc5 Nxc5 13. Nxc5 Bxc5 14. Qxd5 Bb6
15. h3 Bxf3 16. Bxf3 O-O 17. Rfe1 Rae8 18. e6 fxe6 19. Rxe6 Rxe6 20. Qxe6+ Kh8
21. Be3 Nd4 22. Bxd4 Bxd4 23. Qe2 Qe5 24. Qxe5 Bxe5 25. Rd1 Bxb2 26. Bxb7 Bf6
27. g3 g6 28. Kg2 Rd8 29. Rc1 Rd2 30. Rc8+ Kg7 31. Rc7+ Kh8 32. Rc8+ Kg7 33.
Rc7+ Kh8 34. Rc8+ 1/2-1/2

[Event "Chess.com Classic Div 3 W"]
[Site "chess.com INT"]
[Date "2024.05.12"]
[Round "4.3"]
[White "Le, Tuan Minh"]
[Black "Andreikin, Dmitry"]
[Result "1/2-1/2"]
[WhiteTitle "GM"]
[BlackTitle "GM"]
[WhiteElo "2567"]
[BlackElo "2729"]
[WhiteFideId "12401153"]
[BlackFideId "4158814"]
[EventDate "2024.05.10"]
[EventType "k.o."]

1. d4 Nf6 2. Nf3 d6 3. c4 Nbd7 4. g3 e5 5. Bg2 Be7 6. O-O O-O 7. Nc3 c6 8. Qc2
Re8 9. e4 a6 10. d5 cxd5 11. cxd5 b5 12. a3 Nb6 13. b3 Bd7 14. Be3 Qb8 15. Qd3
Rc8 16. Rfc1 Bd8 17. h3 Be8 18. Nd2 Nbd7 19. a4 Nc5 20. Bxc5 Rxc5 21. b4 Rc8 22.
a5 Qa7 23. Ne2 Bd7 24. Rxc8 Rxc8 25. Rc1 Rxc1+ 26. Nxc1 h5 27. Nf3 g6 28. Ne2
Be7 29. Bf1 Bf8 30. Nc3 Bh6 31. h4 Ng4 32. Nd1 Nf6 33. Nc3 Ng4 34. Nd1 Nf6 1/2-1/2

[Event "Chess.com Classic Div 3 W"]
[Site "chess.com INT"]
[Date "2024.05.12"]
[Round "4.3"]
[White "Nguyen, Ngoc Truong Son"]
[Black "Grandelius, Nils"]
[Result "1/2-1/2"]
[WhiteTitle "GM"]
[BlackTitle "GM"]
[WhiteElo "2633"]
[BlackElo "2664"]
[WhiteFideId "12401110"]
[BlackFideId "1710400"]
[EventDate "2024.05.10"]
[EventType "k.o."]

1. d4 d5 2. Nf3 Nf6 3. Bf4 c5 4. e3 Nc6 5. Nbd2 Nh5 6. dxc5 Nxf4 7. exf4 g6 8.
Nb3 Bh6 9. g3 O-O 10. Bg2 Bg7 11. c3 a5 12. O-O Bg4 13. h3 Bxf3 14. Qxf3 e6 15.
Rfd1 a4 16. Nc1 b6 17. cxb6 Qxb6 18. Rb1 Rfc8 19. Ne2 Rab8 20. h4 Qc5 21. Qd3
Na5 22. h5 Nc4 23. b3 axb3 24. axb3 Na3 25. b4 Qc4 26. Qxc4 Rxc4 27. Rb3 Nb5 28.
hxg6 hxg6 29. Bf1 Nxc3 30. Nxc3 Rxc3 31. Rxc3 Bxc3 32. b5 Ba5 33. Rc1 Bb6 34.
Rc6 Kg7 35. Bd3 Bd4 36. Kg2 Ra8 37. Ra6 Rc8 38. Rc6 Ra8 39. Ra6 Rxa6 40. bxa6
Kf6 41. Kf3 g5 42. fxg5+ Kxg5 43. Bb5 Ba7 44. Be8 Kf6 45. Ke2 Ke7 46. Bb5 e5 47.
g4 Ke6 48. f3 1/2-1/2